Films de Christopher Nolan - Statistiques

Statistiques générales
  • Ce quiz a été pris 355 fois
  • Le résultat moyen est 8 sur 11
Statistiques - réponses
Hint Réponse % Correct
Film de 2014, où l'on suit l'histoire de de Cooper qui va s'engager dans une mission spatiale pour trouver une nouvelle planète habitable pour les humains suite à une baisse des récoltes drastique Interstellar
97%
Film de 2017, où l'on suit des soldats lors d'une bataille durant la première guerre mondiale et qui se passe dans le nord de la France Dunkerque
88%
Film de 2020, où l'on suit l'histoire du "Protagoniste" qui va essayer de sauver le monde a travers le monde normal et le monde miroir où tout est inversé Tenet
87%
Film de 2010, où l'on suit l'histoire de Cobb un criminel expulsé des États-Unis un qui va monter coup suite à une demande qui lui permettrait de retourner dans son pays pour revoir ses enfants Inception
81%
Film de 2008, où l'on suit l'aventure du même super-héros qui se retrouve face à un de ses pires ennemis The Dark Knight
80%
Film de 2005, où l'on suit les débuts d'un super-héros mythique Batman Begins
71%
Film de 2000, où le protagoniste cherche le meurtrier de sa femme cependant il perd la mémoire toutes les 15 minutes Memento
69%
Film de 2012, où l'on suit la fin de la trilogie sur le même super-héros et qui se retrouve cette fois-ci contre son pire ennemi, lui-même The Dark Knight Rises
69%
Film de 2006, où l'on suit la rivalité entre deux magiciens pour trouver le meilleur tour Le Prestige
68%
Film de 2002, où deux flics de Los Angeles viennent enquêter dans un petit village d'Alaska pour trouver un meurtrier cependant tout ne va pas se passer comme prévu Insomnia
33%
Film de 1998, où Bill un jeune écrivain cherchant l'inspiration va se voir influencé par un cambrioleur Following, le suiveur
20%
Aucun quiz correspondant
Distribution des résultats
% des personnes avec chaque résultat
Percentile par nombre de réponses
Votre historique - résultats
Vous n’avez pas pris ce quiz